[Event "Tashkent FIDE GP"]
[Site "Tashkent"]
[Date "2014.10.31"]
[Round "9"]
[White "Jobava, Baadur"]
[Black "Andreikin, Dmitry"]
[Result "0-1"]
[WhiteElo "2717"]
[BlackElo "2722"]
[Annotator "Roiz,M"]
[PlyCount "78"]
[EventDate "2014.10.21"]
[EventType "tourn"]
[EventRounds "11"]
[EventCountry "UZB"]
[EventCategory "21"]
[SourceTitle "CBM 163"]
[Source "ChessBase"]
[SourceDate "2014.11.11"]
[SourceVersion "1"]
[SourceVersionDate "2014.11.11"]
[SourceQuality "1"]

1. d4 d5 2. Nc3 {Baadur has a various original ideas in the opening, and this
time he deviates from the known paths at the early stage of the game.} Bf5 3.
Bf4 {This move is somewhat surprising, since the main move 3.f3 would more
suit Jobava's style. Anyway, the presence of White's knight on c3 cannot pose
Black any problems.} e6 4. e3 Bd6 {Black has various plans of development in
this position, but exchanging the active dark-squared bishop is a natural
decision.} ({In the following fresh game Black has managed to equalize even
after the modest:} 4... c6 5. g4 Bg6 6. h4 h6 7. Nf3 Nd7 8. h5 Bh7 9. Bd3 Bxd3
10. Qxd3 Ngf6 11. Rg1 Bb4 $132 {1/2-1/2 Stefanova,A (2489)-Girya,O (2450)/
Khanty-Mansiysk RUS 2014 (58)}) 5. g4 $5 {This brave move was quite
predictable. The position remains about equal, but now it's much sharper.} ({
Too boring would be:} 5. Nf3 Ne7 6. Bg3 h6 $11 {1/2-1/2 Markovic,M (2483)
-Abramovic,B (2457)/Palic SRB 2014 (13)}) 5... Bg6 6. Nf3 $146 {A novelty in a
very rare position. White doesn't pretend on getting any opening advantage,
but the chosen set-up is very ambitious.} (6. h4 {was played in once preceding
game before.} h5 7. Bxd6 Qxd6 8. g5 Ne7 9. Nge2 c5 10. Nf4 Nd7 {Black is at
least not worse.}) (6. Bxd6 Qxd6 (6... cxd6 $5) 7. h4 h5 {leads to the same
position.}) 6... Nd7 {Dmitry is not horrying with taking the bishop and makes
a natural developing move.} (6... Bxf4 7. exf4 Ne7 8. Qd2 h5 9. g5 Nbc6 $11 {
was another reason way to handle the position.}) 7. Bd3 (7. h4 h5 8. Bxd6 (8.
g5 Bxf4 9. exf4 Ne7 10. Bd3 Bxd3 11. Qxd3 c5 12. O-O-O Qc7 $15) 8... cxd6 9. g5
Qb6 10. Bb5 Rc8 $15) (7. Ne5 $6 Bxe5 8. dxe5 Ne7 9. Qe2 Nc6 $15) 7... Bxd3 ({
Good enough was also} 7... Ngf6 8. Ne5 (8. Bxd6 cxd6 9. Nd2 $11) 8... Ne4 9.
Bxe4 Bxe4 10. Nxe4 dxe4 11. Qe2 $11) 8. Qxd3 Bxf4 9. exf4 h5 10. gxh5 $6 {
Baadur was trying to put some pressure along the g-file, but now White's
position is dangerous from strategic point of view - the pawn structure is
horrible.} ({The natural} 10. g5 Ne7 {followed by} 11. f5 exf5 (11... Nxf5 12.
Nxd5 c6 13. Ne3 $11) 12. O-O-O O-O 13. Rhe1 Re8 14. Ne5 $44 {would allow White
to obtain a definite compensation for the pawn.}) 10... Rxh5 (10... Qf6 $5 11.
f5 O-O-O 12. fxe6 fxe6 $15 {is also better for Black.}) 11. Rg1 Qf6 {Black's
moves are natural and strong.} 12. Ne5 {That move is connected with a dubious
pawn sacrifice, but White was trying to complicate the matters...} (12. Rg5
$142 Rh8 13. f5 Ne7 14. fxe6 fxe6 15. Rg3 O-O-O 16. O-O-O $15 {is clearly
worse for White, but it was already a lesser evil.}) 12... c6 {Andreikin's
move is good from practical point of view.} (12... Qxf4 13. Nxd7 Kxd7 14. Qb5+
Kd8 15. Qxb7 Rc8 $15 {was also good, but Black has no need to enter into such
a complications.}) ({The most precise way to win the pawn was:} 12... O-O-O $1
13. Ne2 Kb8 14. O-O-O Nxe5 15. fxe5 Qh6+ 16. Kb1 Rxh2 $17) 13. Na4 $2 {A
desperate attempt to get any counterplay, which leads to a lost position.} ({
A passive defence was called for:} 13. Ne2 $142 Nxe5 14. fxe5 Qh6 15. Qe3 $15 {
the arising position is unpleasant for White, but there are drawish chances.})
13... Qxf4 {Correctly accepting the challenge.} 14. Nf3 {Obviously, this
retreat is a bad sign for White.} ({It looks like Baadur has overlooked} 14.
Nxd7 Rxh2 $1 {and White has nothing better than} 15. Qd2 Qxd2+ 16. Kxd2 Kxd7
$19) 14... e5 ({Another good option was} 14... Ne7 {with an idea to meet} 15.
Rxg7 {with} e5 16. Qe3 Qf6 17. Rg3 e4 18. Nd2 O-O-O $19 {[%csl Ra4][%cal Ge7f5]
and White's position collapses.}) 15. Rxg7 (15. Qe3 Qxe3+ 16. fxe3 g6 $19 {
is completely hopeless.}) 15... O-O-O ({Even simpler would be} 15... Ne7 {
transposing to the above-mentined winning line. However, the text move is also
quite convincing.}) 16. Qe3 Qf6 17. Rg3 exd4 {Liquadating into a winning
edngame.} ({The following alternative line was also attractive:} 17... e4 18.
Ne5 Ne7 19. O-O-O Nf5 20. Nxd7 Kxd7 21. Nc5+ Kc8 22. Qf4 Qh4 23. Rg4 Qxh2 $19)
18. Qxd4 Qxd4 19. Nxd4 Rxh2 $19 {Black is winning, but some technical job is
still required.} ({Instead,} 19... Rh4 20. O-O-O c5 $2 {would spoil everything:
} 21. Nxc5 Nxc5 22. Rc3 b6 23. b4 {and White is even better here!}) 20. Nf3
Rh1+ {Dmitry doesn't mind to simplify the position.} 21. Rg1 Rxg1+ 22. Nxg1 d4
$6 {This inaccuracy makes Black's task more difficult. The knight wouldn't be
trapped anyway, while White gets an opportunity to limit the material ballance.
} (22... Re8+ 23. Kf1 Ngf6 24. Ne2 Kc7 $19) 23. b3 Ngf6 24. Nf3 c5 25. Nb2 (25.
O-O-O $5 Nd5 26. a3 b5 27. Nb2 Rh8 28. a4 a6 29. axb5 axb5 30. Nd3 $17 {
also gives White some drawish chances.}) 25... Kc7 26. a4 {Now Black hardly
can make progress without allowing some exchanges.} Re8+ 27. Kf1 Ne4 28. Nd3 b6
29. a5 Kb7 (29... b5 $6 30. b4 c4 $6 (30... Rh8 $142 $1 31. Re1 Rh1+ 32. Ng1
Ng5 33. Kg2 Rh5 $17) 31. Nf4 {enables White to win the pawn back, though Black
still is somewhat better here.}) 30. b4 $1 Nc3 ({Correctly deviating from} 
30... c4 $6 31. Nf4 Rh8 32. Ke2 Nc3+ 33. Kd2 Nb5 34. a6+ Kc7 35. Re1 $15) 31.
axb6 axb6 32. bxc5 bxc5 33. Nd2 $2 {Being tired after a tough defence, Baadur
commits a decisive mistake.} ({At the same time, after} 33. Ra3 Nb5 34. Ra1 f6
35. Nd2 $17 {it wouldn't be easy to find effective winning plan here.}) 33...
Re2 34. Nb3 Kb6 $19 {Now White is too passive.} 35. Ra8 {A desperation.} ({
However, hopeless was also} 35. Rc1 f6 36. Nb2 Re8 37. Nc4+ Kc6 38. Ra1 Kd5 39.
Ncd2 Ne5 $19) 35... Rxc2 36. Ndxc5 Nxc5 37. Nxd4 {Now Black is just a piece up.
} Rc1+ 38. Kg2 Nd5 39. Rf8 Ne6 {An important victory of Dmitry, which enabled
him to win a very strong tournament after making 2 draws in the last rounds!}
0-1

[Event "Hastings 0304 79th"]
[Site "Hastings"]
[Date "2004.01.03"]
[Round "7"]
[White "Hebden, Mark"]
[Black "Rowson, Jonathan"]
[Result "0-1"]
[WhiteElo "2560"]
[BlackElo "2541"]
[Annotator "Rowson,J"]
[PlyCount "90"]
[EventDate "2003.12.28"]
[EventType "tourn"]
[EventRounds "9"]
[EventCountry "ENG"]
[EventCategory "13"]
[SourceTitle "CBM 099"]
[Source "ChessBase"]
[SourceDate "2004.03.30"]
[SourceVersion "1"]
[SourceVersionDate "2004.03.30"]
[SourceQuality "1"]

1. d4 {Finkel,A} Nf6 2. Nf3 g6 3. Nc3 d5 4. Bf4 {The so-called Barry Attack.
Hebden has scored well with this system mainly because it suits his
nibble-seeking style ('a nibble' is to an advantage what a scratch is to a
wound) and his opponents tend to think it is an opening unworthy of
preparation.} Bg7 5. e3 O-O 6. Be2 c5 7. Ne5 (7. dxc5 Nbd7 8. O-O Nxc5 9. Be5
Bg4 $1 {works out well for Black.}) 7... cxd4 8. exd4 Nfd7 $1 {[#] This looks
considerably less 'natural' than 8...Nc6 but I fear that we all tend to assume
that 'natural' means good, which is not the case at all. For instance, it is
probably 'natural' to distrust strangers, go to sleep when it gets dark, and
compete viciously with siblings but nobody thinks we should do these things.
Furthermore, chess has no natural history, no biological nature, so that whole
idea of 'natural moves' is bogus. A move that seems to come 'naturally' is
just a move that looks similar to those we have seen before - it's a question
of conditioning, not of merit.} 9. Qd2 $6 {This came after a good few minutes,
which surprised me given that Hebden knows this line so well. He said that he
didn't expect me to play it because after} (9. Nf3 {black is more or less
obliged to allow a repetition and he didn't think I would allow that. This
amused me. I only allowed it because I didn't think he would do it!} Nf6 10.
Qd2 $5 Bg4 11. Ne5 Bxe2 12. Qxe2 {This was Hebden-Nunn, Hastings 1997/98 which
Hebden won quite convincingly. Results can often put people off variations
without good reason, and in this position I think Black is at least equal. For
one thing, White has lost a tempo with his queen, and ceteris paribus the
structure favours Black due to the long term prospect of a minorty attack.})
9... Nxe5 10. dxe5 ({Finkel,A: It was probably safer to take with the bishop,
even though black is doing fine anyway:} 10. Bxe5 Bxe5 11. dxe5 d4 12. O-O-O (
12. Rd1 {Finkel,A} Nc6 13. Nb5 Qd5 14. Nxd4 Nxd4 15. Qxd4 Qxg2 16. Qd5 Qxd5 17.
Rxd5 Be6 $11) 12... Nc6 13. Nb5 {Mark thought that this was what he had in his
notes. But he missed an important idea in his preparation and only saw it at
the board.} Qb6 $1 14. Nxd4 Rd8 15. c3 Nxd4 16. cxd4 Bf5 {and White is in
trouble.}) 10... d4 $1 (10... Nc6 11. Nxd5 Be6 12. Rd1 $1 Nxe5 13. O-O {
and the threat of Qe3 leaves white better.}) 11. Nb5 Nc6 12. O-O-O (12. Rd1 {
might actually be a better move, but then White would already be fighting for
equality and at this stage we were still playing that silly "You're White, I'm
Black" game where White pretends to be better, and Black often plays along.}
Qb6 (12... Qd5 {Finkel,A} 13. O-O Bxe5 14. c4 Qc5 15. Bxe5 Qxe5 16. Bf3 Rd8 $13
) 13. Nxd4 Qxb2) 12... Qd5 $1 {That's one powerful lady.} 13. c4 (13. Kb1 Be6
14. b3 Rad8 (14... Bxe5 15. Bxe5 Qxe5 16. f4 Qf6 17. Nxd4 Rfd8 18. c3 Nxd4 19.
cxd4 Bd5 {with a clear advantage.})) 13... Qxg2 $1 {[#] This was quite a
difficult decision because the alternative, 13...Qc5, also looked promising,
and would have been somewhat safer. However, the value of taking on g2 is not
so much that I win a pawn, but that I destroy his pawn structure, and as we
see in the game, his h and f pawns sorely miss the g-pawn's fraternal support.}
(13... Qc5 14. Nc7 $1 {I must confess that I didn't see this at the time, or
at least I didn't the idea of Nd5 threatening b4.} (14. a3 $5) (14. Nxd4 Nxe5
$1 {when I prefer Black due to White's lack of pawn shield for his king.} (
14... Rd8 15. Be3 Nxe5 16. Qc3 $1 {and Black is struggling to find an answer
to Ne6.}) 15. Qc2) 14... Rb8 15. Nd5 a5 16. Kb1 {with an unclear position.})
14. h4 $5 {Played fairly quickly by Hebden, who likes to keep a steady pace
between moves. I don't think there is a big improvement but there are
certainly alternatives,} (14. Rhg1 Qh3 (14... Qxf2 $5 {Perhaps, perhaps. But I
would only play such a risky move if the alternative favoured my opponent and
during the game I didn't think that was the case, but now I would take a
second look at this move.}) 15. Nc7 $1 (15. Rg3 Qd7 {It looks attractive to
force the queen to such an ugly square, but Black is still in control of the
game here.}) 15... Rb8 16. e6 $1 {After this move I fear I must take
annotator's licence and call it unclear.} Bxe6) 14... Bf5 $1 {I've always
enjoyed developing my final minor piece and it usually brings with a surge of
unwarranted optimism for the middlegame ahead. In this case the optimisim is
justified because I seem to get a better position more or less by force.} 15.
Nxd4 Qe4 $1 (15... Nxd4 16. Qxd4 Rfc8 17. b3 {is at least not worse for White.}
) 16. Nxf5 Qxf5 17. Bd3 {Otherwise Rfd8 and Nb4 is deadly.} Qe6 18. Rhe1 Rfd8
$1 {I didn't spend too long looking at taking the material} (18... Bxe5 19. Bh6
Qf6 20. h5 {White may not have full compesation, but Ifelt sure that he would
have preffered this position to the one he had in the game.}) 19. Qc3 Rd4 20.
Be3 {Returning the pawn and finally achieving coordination. At this point I
thought that White might be ok, and so did Mark, but it seems that it's hard
to put a stop to Black's initiative.} (20. Bg3 Rad8 21. f4 Bh6 {is less good,
because the bishop on g3 is an embarrasment and a liability.}) 20... Rxh4 21.
f4 Bh6 $1 22. Qd2 $6 (22. Rh1 $1 {Looks like an improvement.} Bxf4 23. Rxh4
Bxe3+ 24. Kb1 {Black is probably better here and should eventually win the e5
pawn, but at least White's pieces can go out and play.}) 22... Rd8 23. Qf2 (23.
Kb1 Qh3 $1 {is not much easier for White but at least there is no immediate
threat.}) 23... Qh3 $1 {[#] Suddenly White has a lot of problems. ...Bxf4 is
the main threat and it is not easy to deal with this without something else
dropping off.} 24. Kb1 $2 {This makes things worse.} (24. Qd2 $1 {Might
actually be the best move, but then, of course, Black probably has better
moves than Qe6!}) 24... Bxf4 $1 {Crunch. There is no way back for White, but I
could probably have been a little more incisive in what follows.} 25. e6 f6 26.
Bxf4 Rxd3 27. Rxd3 Qxd3+ 28. Ka1 Nd4 29. Rc1 Rh5 30. b3 Rf5 31. Qd2 Qxd2 32.
Bxd2 Nxe6 33. Be3 b6 34. b4 Re5 35. Bg1 Kf7 36. Kb2 Nf4 37. Rd1 Ke8 38. c5 bxc5
39. Bxc5 a6 40. Kb3 Rd5 41. Rc1 Nd3 42. Rc2 Nxc5+ 43. bxc5 Kd7 44. Kb4 Kc6 45.
a4 h5 0-1

[Event "FIDE World Cup"]
[Site "Tbilisi"]
[Date "2017.09.21"]
[Round "6.9"]
[White "Aronian, Levon"]
[Black "Vachier Lagrave, Maxime"]
[Result "1-0"]
[WhiteElo "2802"]
[BlackElo "2804"]
[Annotator "Sagar Shah"]
[PlyCount "155"]
[EventDate "2017.09.03"]
[EventType "k.o."]
[EventRounds "7"]
[EventCountry "GEO"]
[SourceTitle "CBM 181"]
[Source "ChessBase"]
[SourceDate "2017.11.10"]
[SourceVersion "1"]
[SourceVersionDate "2017.11.10"]
[SourceQuality "1"]

1. d4 Nf6 2. Nf3 g6 3. Bf4 Bg7 4. Nc3 d5 5. Nb5 Na6 6. e3 O-O 7. h3 c6 8. Nc3
Nc7 9. Be2 b6 10. O-O Bb7 11. Bh2 c5 12. a4 a5 13. Ne5 Nd7 14. Nxd7 Qxd7 15.
Bg4 e6 16. Qd2 Bc6 17. b3 Rfc8 18. Ne2 cxd4 19. Nxd4 b5 20. axb5 Nxb5 21. c3
Nxd4 $6 (21... Bb7 $15) 22. exd4 a4 23. b4 Bb5 24. Rfc1 a3 25. Be2 Qc6 $6 {
This move let Aronian get back in the game as he is now able to bring his
bishop from h2-d6-c5.} (25... Bxe2 26. Qxe2 Bh6 $17 {I do not see how White
can win this.}) 26. Bxb5 Qxb5 27. Bd6 $1 Rc6 28. Bc5 $14 Rca6 29. Ra2 Qc4 30.
Qe2 Qxe2 31. Rxe2 a2 32. Ra1 Ra3 33. Rc2 (33. b5 $1 $14) 33... Bf8 34. Kf1 e5 (
34... Bxc5 35. dxc5 Kf8 $15) 35. Bxf8 Kxf8 36. dxe5 Ke7 37. Ke2 Ke6 38. f4 d4
$1 {A nice pawn sacrifice to activate the king.} 39. cxd4 Kd5 (39... Kf5 $44)
40. Rd2 Kc4 $6 41. d5 $1 Kxb4 42. d6 Kb3 43. Kf3 Kc3 44. Rf2 h5 45. Kg3 Kd4+
46. Kh4 Kd5 47. Kg5 (47. d7 $1 $18) 47... Ke6 48. g4 hxg4 49. hxg4 R3a5 (49...
f6+ 50. exf6 R3a5+ 51. f5+ gxf5 52. Re2+ $18) 50. Re2 f6+ 51. Kxg6 Rg8+ 52. Kh6
Rxg4 53. f5+ (53. Raxa2 Rxa2 54. Rxa2 fxe5 55. fxe5 Kxe5 $11) 53... Kxf5 54. e6
Ra8 $2 (54... Raa4 $1 {was a unique way to make a draw.} 55. e7 $2 (55. Rf1+
Raf4 56. Rxf4+ Rxf4 57. Rxa2 (57. e7 a1=Q) 57... Kxe6 $11) 55... Rg6+ 56. Kh5
Rg5+ 57. Kh6 Rh4#) 55. Rf1+ $1 Rf4 56. Rxf4+ Kxf4 57. Rxa2 Rxa2 58. e7 {
The rest is easy. Just like how Ding managed to win the queen vs rook endgame,
Aronian also managed to achieve that in style.} Rd2 59. e8=Q Rxd6 60. Qe7 Rd4
61. Qxf6+ Ke3 62. Kg5 Rd5+ 63. Kg4 Rd4+ 64. Kg3 Rd3 65. Qe5+ Kd2+ 66. Kf2 Kc2
67. Qc5+ Rc3 68. Qf5+ Kb2 69. Ke2 Rc2+ 70. Kd3 Rc3+ 71. Kd2 Rb3 72. Qe5+ Kb1
73. Qd4 Rh3 74. Qb6+ Ka1 75. Qf6+ Ka2 76. Qe6+ Rb3 77. Kc2 Ka1 78. Qa6+ 1-0

[Event "FIDE World Cup"]
[Site "Tbilisi"]
[Date "2017.09.21"]
[Round "6.7"]
[White "Aronian, Levon"]
[Black "Vachier Lagrave, Maxime"]
[Result "1/2-1/2"]
[WhiteElo "2802"]
[BlackElo "2804"]
[Annotator "Sagar Shah"]
[PlyCount "110"]
[EventDate "2017.09.03"]
[EventType "k.o."]
[EventRounds "7"]
[EventCountry "GEO"]
[SourceTitle "CBM 181"]
[Source "ChessBase"]
[SourceDate "2017.11.10"]
[SourceVersion "1"]
[SourceVersionDate "2017.11.10"]
[SourceQuality "1"]

1. d4 Nf6 2. Nf3 g6 3. Bf4 Bg7 4. Nc3 d5 5. Nb5 Na6 6. e3 O-O 7. h3 c6 8. Nc3
Nc7 9. Be2 Bf5 10. O-O Rc8 11. Bh2 Ne4 12. Nxe4 Bxe4 13. c3 Re8 14. Qb3 Rb8 15.
Ne5 Bf5 16. Rfd1 Be6 17. Rac1 Qc8 18. c4 $1 $14 {White has a very pleasant
position.} Ra8 19. cxd5 Bxd5 20. Qa3 f6 21. Nd3 e5 22. dxe5 fxe5 23. Nc5 b6 24.
e4 Bf7 25. Nd7 c5 26. Qc3 Re7 (26... Nd5 $5 $14) 27. Bxe5 $1 Bxa2 28. Bxg7 Rxd7
29. Bh6 {This is a disaster for MVL out of the opening.} Be6 30. Qe5 Bb3 31.
Rd3 $1 Be6 32. Rcd1 Rf7 33. Bg5 (33. Bd2 {with the idea of Bc3 is possible but
is met with ...Nb5.}) 33... Rf8 34. Bh6 (34. Rd8 Rxd8 35. Rxd8+ $18) 34... Rf7
35. Bd2 Nb5 36. Be3 Qe8 37. R3d2 Nc7 38. Bg5 Bb3 39. Rd8 $1 Bxd1 {Here Aronian
thought that he was losing, when in fact he was winning. Of course he had very
little time figure out the details.} 40. Rxa8 $1 Qxa8 41. Bxd1 $2 (41. Bc4 $1
Qf8 42. Qxc7 $18) 41... Qe8 $15 42. Qc3 Qxe4 {Black is winning now.} 43. Bb3
Nd5 44. Qc1 Qd4 45. Kh1 b5 46. Be3 Nxe3 $6 (46... Qd3 $1 $19) 47. Bxf7+ Kxf7
48. fxe3 Qe5 49. Qf1+ Kg7 50. Qxb5 {Aronian manages to salvage the half point.}
Qxe3 51. Qd7+ Kh6 52. Qxa7 Qe1+ 53. Kh2 Qe5+ 54. Kh1 c4 55. Qf2 Qe4 1/2-1/2